Kapitoly z teorie a didaktiky házené. 2

Hlavní autor: Jančálek, Svatopluk, 1931-
Jazyk: Čeština
Vydáno: Praha, 1974
Edice: Učební texty vysokých škol
Knihy
Uloženo v:
LEADER 00600nam a22001932a 4500
001 000383082
003 CZ BrMZK
005 19980105143423.0
007 ta
008 980105s1974 xr f cze d
040 |a BOA001  |b cze 
100 1 |a Jančálek, Svatopluk,  |d 1931-  |7 jk01050793 
245 1 0 |a Kapitoly z teorie a didaktiky házené.  |n 2 
260 |a Praha,  |c 1974 
490 1 |a Učební texty vysokých škol 
830 0 |a Učební texty vysokých škol 
910 |a BOA001  |b 4-0655.867,2 
990 |a BK 
996 7 |b 2619814796  |c 4-0655.867,2  |l MZK  |r Sklad / do 1 hodiny  |n 0  |w 000383082  |u 000010  |a 1  |e BOA001  |j MZK50  |s A